| 000 | 00577nam a2200181 4500 | ||
|---|---|---|---|
| 005 | 20241022143716.0 | ||
| 010 | _aENG-142255 | ||
| 020 |
_c150.00 _a9789384401986 |
||
| 035 | _aEN-125787 | ||
| 037 | _bDBAD | ||
| 082 | _a158.1 | ||
| 100 |
_aCarnegie,Dale _973156 |
||
| 245 |
_aHow to Stop Worrying and Start Living/ _cDale Carnegie |
||
| 260 |
_aNew Delhi _bPigeon Books India _c2017 |
||
| 270 |
_a16, Ansari Road, Daryaganj _bNew Delhi _e110002 _k9810229648 _k9312286851 _mpigeonbooks@yahoo.com |
||
| 300 |
_a326p. _c18cm(pb) |
||
| 942 |
_2ddc _cEN _h158.1 _mCAR |
||
| 999 |
_c206574 _d206574 |
||